LEADER 01103nam0-2200349---450- 001 990005291200403321 005 20130114113909.0 035 $a000529120 035 $aFED01000529120 035 $a(Aleph)000529120FED01 035 $a000529120 100 $a19990604d1951----km-y0itay50------ba 101 1 $afre$ceng 102 $aFR 105 $ay-------001yy 200 1 $aOedipe$edu mythe au complexe$eexposé des théories psychanalytiques$fPatrick Mullahy$gtraduit de l'anglais par Simone Fabre$gpréface de Gaston Bachelard$gintroduction d'Erich Fromm 210 $aParis$cPayot$d1951 215 $a330 p.$d21 cm 225 1 $aBibliothèque scientifique 610 0 $aMitologia greca 610 0 $aEdipo$aMito$aInterpretazione psicanalitica 676 $a154.2$v22$zita 700 1$aMullahy,$bPatrick$0206248 702 1$aBachelard,$bGaston$f<1884-1962> 702 1$aFabre,$bSimone 801 0$aIT$bUNINA$gRICA$2UNIMARC 901 $aBK 912 $a990005291200403321 952 $aP. 1 PSI 986$bST.REL. 212$fFLFBC 959 $aFLFBC 996 $aOedipe$9536730 997 $aUNINA LEADER 00836nam0-22002771i-450 001 990005531530403321 005 20181115160720.0 035 $a000553153 100 $a19990530d1941----km-y0itay50------ba 101 0 $aita 105 $af a 001yy 200 1 $a<>rilievi dell'anfiteatro campano$fGennaro Pesce 210 $aRoma$cGovernorato di Roma$d1941 215 $a47 p., 32 c. di tav.$cill.$d26 cm 225 1 $aStudi e materiali del Museo dell'Impero romano$v2 610 0 $aSANTA MARIA CAPUA VETERE$aAnfiteatro romano 676 $a937.7 676 $a722.7 700 1$aPesce,$bGennaro$0206328 801 0$aIT$bUNINA$gRICA$2UNIMARC 901 $aBK 912 $a990005531530403321 952 $a722.7 PESC 1$bARCH. 7037$fFLFBC 959 $aFLFBC 996 $aRilievi dell'anfiteatro campano$9610473 997 $aUNINA